Modèle / Matériel des métros parisiens - Statistiques

Statistiques générales
  • Ce quiz a été pris 125 fois
    70 depuis la dernière actualisation
  • Le résultat moyen est 15 sur 23
Statistiques - réponses
Ligne correspondante Précisions Réponse % Correct
2 MF01
92%
1 MP05
90%
3 MF67
84%
3B MF67
84%
5 MF01
76%
9 MF01
73%
13 MF77
73%
14 A préciser type de conduite. (CA : Conduite automatique ; CC : Conduite conducteur). MP14 CA
73%
6 A préciser type de conduite. (CA : Conduite automatique ; CC : Conduite conducteur). Rames provenant de la ligne 4. MP89 CC
73%
10 MF67
71%
7 MF77
71%
8 MF77
71%
4 A préciser type de conduite. (CA : Conduite automatique ; CC : Conduite conducteur). Rames les plus récentes. MP14 CA
71%
11 A préciser type de conduite. (CA : Conduite automatique ; CC : Conduite conducteur). MP14 CC
71%
12 MF67
69%
4 Matériel provenant de la ligne 14. MP05
69%
7B MF88
67%
6 RIP la boîte de conserve MP73
67%
4 A préciser type de conduite. (CA : Conduite automatique ; CC : Conduite conducteur). MP89 CA
65%
16 Matériel et nom prévisionnel. (3 voitures) MR3V
33%
17 Matériel et nom prévisionnel. (3 voitures) MR3V
33%
15 Matériel et nom prévisionnel. (6 voitures) MR6V
33%
18 Matériel et nom prévisionnel. MRV
27%
Aucun quiz correspondant
Distribution des résultats
% des personnes avec chaque résultat
Percentile par nombre de réponses
Votre historique - résultats
Vous n’avez pas pris ce quiz depuis la dernière actualisation